Statystyki dla Jakie jest największe miasto danego państwa lub regionu?

Kliknij tutaj aby rozwiązać quiz!

Ogólne statystyki

  • Ten quiz został rozwiązany 94 razy
  • Średni wynik to 9 z 15

Statystyki odpowiedzi

ZagadnienieOdpowiedź% Poprawnych
Największe miasto DaniiKopenhaga
98%
ArmeniiErywań
91%
UzbekistanuTaszkent
84%
Największe miasto Arabii SaudyjskiejRijad
78%
EuropyStambuł (część Anatolijska i Europejska jest liczona razem)
76%
MalewidówMale
74%
Największe miasto Nowej ZelandiiAuckland
63%
azjatyckiej części RosjiNowosybirsk
55%
MarokaCasablanca
54%
Wysp OwczychThorshavn
52%
Republiki ŚrodkowoafrykańskiejBangi
47%
Największe miasto AfrykiLagos
43%
Wyspy Świętej HelenyJamestown
29%
stanu NebraskaOmaha
26%
Największe miasto Ameryki Środkowej (nie wliczając Meksyku)Managua
4%

Rozkład punktacji

Percentyl według liczby udzielonych odpowiedzi

Procent ludzi z każdym wynikiem

Twoja historia wyników

Nie rozwiązałeś tego quizu